01683nam a2200445 i 450000100060000000300080000600500170001400600190003100700150005000800410006502000180010602000270012403500230015103500240017403500250019803500210022304000310024405000210027508000070029608200120030310000380031524501190035326401130047230000410058533600310062633700330065733800430069049000380073350000230077150400290079458801240082360000370094765000320098465000360101665000270105265000300107965500270110983000390113685600620117542944FlNmELB20241216222103.0m o d | cr cnu||||||||150722s2010 mx ob 001 0 spa d z9786074013405 a9781512903133 (e-book) a(MiAaPQ)EBC3429133 a(Au-PeEL)EBL3429133 a(CaPaEBR)ebr11059633 a(OCoLC)949139456 aFINmELBbspaerdacFINmELB 4aQH501bB116 2010 a570 a5702231 aBacarlett Pérez, María Luisa.10aFilosofía y enfermedad :buna introducción a la obra de Georges Canguilhem /cMaría Luisa Bacarlett Pérez. 1aMéxico D.F. :bUniversidad Autónoma del Estado de México :bEditorial Miguel Ángel Porrúa,c[2010] a1 recurso en línea (257 páginas) atextobtxt2rdacontent/spa acomputadorabc2rdamedia/spa arecurso en líneabcr2rdacarrier/spa1 aColección Las ciencias sociales aContiene índice. aContiene bibliografía. aDescripción basada en recurso en línea; Título de la página del título en PDF (e-libro, visto July 22, 2015).10aCanguilhem, Georges,d1904-1995. 0aLife (Biology)xPhilosophy. 4aVida (Biología)xFilosofía. 0aPathologyxPhilosophy. 4aPatologíaxFilosofía. 4aLibros electrónicos. 0aColección Las ciencias sociales.40uhttps://elibro.net/ereader/politecnicointernacional/38370